000 00482nam a2200133Ia 4500
008 220620s9999||||xx |||||||||||||| ||und||
020 _a9780260000000
100 _aDay, Ronald E.
245 0 _aDocumentarity
_bEvidence, Ontology, and Inscription
546 _aEnglish[eng]
650 _aLibrary and information services||Impact of science and technology on society||Philosophy: epistemology and theory of knowledge
856 _uhttp://mitpress.mit.edu/9780262043205
942 _cEB
999 _c21365
_d21365